Torres de Dios : (Record no. 89306)

MARC details
000 -LEADER
campo de control de longitud fija 00747nam a2200229 i 4500
001 - NÚMERO DE CONTROL
campo de control 89306
003 - IDENTIFICADOR DE NÚMERO DE CONTROL
campo de control ES-MaACL
005 - FECHA Y HORA DE LA ÚLTIMA TRANSACCIÓN
campo de control 20250824215307.0
007 - CAMPO FIJO DE DESCRIPCIÓN FÍSICA--INFORMACIÓN GENERAL
campo de control de longitud fija t|
008 - DATOS DE LONGITUD FIJA--INFORMACIÓN GENERAL
campo de control de longitud fija 050110s1982 sp ||||1| spa d
020 ## - NÚMERO INTERNACIONAL ESTÁNDAR DEL LIBRO
Número Internacional Estándar del Libro 84-276-0624-9
100 0# - ENTRADA PRINCIPAL--NOMBRE DE PERSONA
Nombre de persona Larrea, Juan,
Fechas asociadas al nombre 1895-1980
9 (RLIN) 70333
245 10 - MENCIÓN DEL TÍTULO
Título Torres de Dios :
Resto del título poetas /
Mención de responsabilidad, etc. Juan Larrea ; presentación de José-Miguel Ullán.
260 ## - PUBLICACIÓN, DISTRIBUCIÓN, ETC.
Lugar de publicación, distribución, etc. Madrid :
Nombre del editor, distribuidor, etc. Editora Nacional,
Fecha de publicación, distribución, etc. 1982.
300 ## - DESCRIPCIÓN FÍSICA
Extensión 354 p. ;
Dimensiones 18 cm.
490 1# - MENCIÓN DE SERIE
Mención de serie Libros de poesía ;
Designación de volumen o secuencia 1
650 #4 - PUNTO DE ACCESO ADICIONAL DE MATERIA--TÉRMINO DE MATERIA
Término de materia o nombre geográfico como elemento de entrada Poesía-
Subdivisión cronológica S.XX-
Subdivisión general Historia y crítica.
9 (RLIN) 16156
700 0# - ENTRADA AGREGADA--NOMBRE PERSONAL
Nombre de persona Ullán, José-Miguel,
Fechas asociadas al nombre 1944-
9 (RLIN) 111924
830 10 - PUNTO DE ACCESO ADICIONAL DE SERIE-TÍTULO UNIFORME
Título uniforme Libros de poesía (Editora Nacional)
Designación de volumen o secuencia 1
9 (RLIN) 181501
852 ## - LOCALIZACIÓN
Ubicación ES-MaACL
Número de control de estantería L-4603
Holdings
Estatus retirado Estado de pérdida Estado de daño No para préstamo Biblioteca de origen Biblioteca actual Ubicación en estantería Fecha de adquisición Fuente de adquisición Total de préstamos Signatura topográfica completa Código de barras Visto por última vez Precio de reemplazo Tipo de ítem Koha
        Biblioteca del Ateneo de Madrid Biblioteca del Ateneo de Madrid Depósito 2 17/01/2008     L-4603 1093273 23/02/2023 23/02/2023 Libro impreso